LEADER 02613nam 2200649 a 450 001 9910781786503321 005 20230327234543.0 010 $a1-283-23418-1 010 $a9786613234186 010 $a90-272-8230-7 035 $a(CKB)2550000000045373 035 $a(EBL)744204 035 $a(OCoLC)745866912 035 $a(SSID)ssj0000533794 035 $a(PQKBManifestationID)11330374 035 $a(PQKBTitleCode)TC0000533794 035 $a(PQKBWorkID)10493158 035 $a(PQKB)11379738 035 $a(MiAaPQ)EBC744204 035 $a(Au-PeEL)EBL744204 035 $a(CaPaEBR)ebr10492641 035 $a(CaONFJC)MIL323418 035 $a(EXLCZ)992550000000045373 100 $a19980327h19981998 uy 0 101 0 $aeng 135 $aurcn||||||||| 181 $ctxt$2rdacontent 182 $cc$2rdamedia 183 $acr$2rdacarrier 200 10$aAdverbs of degree in Dutch and related languages /$fHenny Klein 210 1$aAmsterdam ;$aPhiladelphia :$cJohn Benjamins Pub.,$d1998. 210 4$aŠ1998 215 $a1 online resource (viii, 232 pages) 225 1 $aLinguistik aktuell,$x0166-0829 ;$vv. 21 300 $aDescription based upon print version of record. 311 0 $a90-272-2742-X 320 $aIncludes bibliographical references (p. [213]-219) and indexes. 327 $aCONTENTS; Preface; Introduction; 1 Grading, Gradability and Degrees; 2 The Origin of Adverbs of Degree; 3 Semantic Restrictions on the Use of Adverbs of Degree; To conclude; Case study 1; Case study 2; Case study 3; Notes; Appendix of Dutch Adverbs of Degree; References; Name Index; Subject Index 330 $aA volume in a series which aims to provide a platform for studies in the syntax, semantics and pragmantics of the Germanic languages and their historical developments. General subjects investigated include the use of negation, monotonicity properties and the licensing of polarity terms. 410 0$aLinguistik aktuell ;$v21. 606 $aDutch language$xAdverb 606 $aEnglish language$xAdverb 606 $aGerman language$xAdverb 606 $aGrammar, Comparative and general$xQuantifiers 615 0$aDutch language$xAdverb. 615 0$aEnglish language$xAdverb. 615 0$aGerman language$xAdverb. 615 0$aGrammar, Comparative and general$xQuantifiers. 676 $a439.31/5 700 $aKlein$b Henny$01521313 801 0$bMiAaPQ 801 1$bMiAaPQ 801 2$bMiAaPQ 906 $aBOOK 912 $a9910781786503321 996 $aAdverbs of degree in Dutch and related languages$93760364 997 $aUNINA LEADER 01280nam a2200337 i 4500 001 991002360299707536 005 20251015140849.0 008 981210s1977 it er 001 e ita 035 $ab10997477-39ule_inst 035 $aPARLA161093$9ExL 040 $aDip.to Filosofia$bita 082 04$a121.68 100 1 $aApel, Karl Otto$0143815 245 10$aComunitā e comunicazione /$cKarl Otto Apel ; introduzione di Gianni Vattimo 260 $aTorino :$bRosenberg & Sellier,$c1977 300 $aXXXII, 271 p. ;$c21 cm. 490 1 $aDa leggere ;$v16 500 $aRaccolta di saggi giā pubblicati in: Transformation der Philosophie 500 $aTraduzione Gianni Carchia 650 4$aComunicazione$xSaggi 650 4$aErmeneutica$xSaggi 650 4$aLinguaggio$xSaggi 700 1 $aCarchia, Gianni 700 1 $aVattimo, Gianni 907 $a.b10997477$b21-09-06$c28-06-02 912 $a991002360299707536 945 $aLE005 193 APE01. 01$g1$i2005000032370$lle005$o-$pE0.00$q-$rl$s-$t0$u3$v0$w3$x0$y.i1111311x$z28-06-02 945 $aLE009 STOR. 08-180$g1$i2009000016859$lle009$o-$pE0.00$q-$rl$s-$t0$u0$v0$w0$x0$y.i11113121$z28-06-02 996 $aComunitā e comunicazione$995584 997 $aUNISALENTO 998 $ale005$ale009$b01-01-98$cm$da$e-$fita$git$h0$i2